Name Every Minecraft Biome - Statistics

General Stats
  • This quiz has been taken 86 times
  • The average score is 21 of 64
Answer Stats
Answer % Correct
Plains
75%
The End
75%
Badlands
67%
Desert
67%
Ocean
66%
Swamp
66%
Birch Forest
64%
Forest
63%
Taiga
60%
Jungle
52%
Savanna
51%
Warm Ocean
51%
Cold Ocean
48%
Warped Forest
48%
Dark Forest
46%
Soul Sand Valley
46%
Crimson Forest
45%
Deep Ocean
45%
River
45%
Beach
42%
Deep Dark
42%
Ice Spikes
42%
Mangrove Swamp
39%
Nether Wastes
39%
Snowy Plains
39%
Lukewarm Ocean
33%
Mushroom Fields
33%
Snowy Taiga
33%
Basalt Deltas
31%
The Void
31%
Bamboo Jungle
30%
Flower Forest
30%
Frozen Ocean
25%
Lush Caves
25%
Windswept Hills
25%
Wooded Badlands
25%
Dripstone Caves
24%
Meadow
24%
Sparse Jungle
24%
Deep Cold Ocean
22%
Frozen River
22%
Old Growth Birch Forest
22%
Sunflower Plains
22%
Cherry Grove
21%
Snowy Beach
21%
End Highlands
19%
End Midlands
19%
Grove
19%
Stony Shore
19%
Deep Frozen Ocean
18%
Deep Lukewarm Ocean
18%
Jagged Peaks
18%
Windswept Savanna
18%
Old Growth Pine Taiga
16%
Old Growth Spruce Taiga
16%
Savanna Plateau
16%
End Barrens
15%
Eroded Badlands
15%
Small End Islands
13%
Snowy Slopes
13%
Frozen Peaks
12%
Stony Peaks
12%
Windswept Gravelly Hills
10%
Windswept Forest
9%
No matching quizzes found
Score Distribution
Percent of People with Each Score
Percentile by Number Answered
Your Score History
You have not taken this quiz